| 000 | 00649cam a2200241 4500 | ||
|---|---|---|---|
| 999 |
_c3816 _d3816 |
||
| 001 | 226164 | ||
| 003 | OCoLC | ||
| 005 | 20181122172701.0 | ||
| 008 | 720113s1971 txu b 000 0 eng | ||
| 010 | _a70170911 //r85 | ||
| 020 | _a0876808518 | ||
| 040 |
_aDLC _cDLC |
||
| 082 |
_a254.5 _bE23G |
||
| 092 |
_a262.001 _bE23G |
||
| 100 | 1 |
_aEdge, Findley B. _q(Findley Bartow), _d1916- |
|
| 245 | 1 | 4 |
_aThe greening of the church _c[by] Findley B. Edge |
| 260 |
_aWaco, Tex., _bWord Books _c[1971] |
||
| 300 |
_a195 p. _c23 cm |
||
| 504 | _aBibliography: p. 193-195 | ||
| 650 | 0 | _aChurch renewal | |
| 650 | 0 | _aMission of the church | |
| 942 |
_2ddc _cBK |
||